|
|
|
|
| LEADER |
01325nam a2200349Ia 4500 |
| 001 |
EBC3445590 |
| 003 |
MiAaPQ |
| 005 |
20200520144314.0 |
| 006 |
m o d | |
| 007 |
cr cn||||||||| |
| 008 |
061201s2006 ne a s 000 0 eng d |
| 020 |
|
|
|z 9076998965 (pbk.)
|
| 020 |
|
|
|z 9789076998961 (pbk.)
|
| 020 |
|
|
|z 9789086865888
|
| 035 |
|
|
|a (MiAaPQ)EBC3445590
|
| 035 |
|
|
|a (Au-PeEL)EBL3445590
|
| 035 |
|
|
|a (CaPaEBR)ebr10686785
|
| 035 |
|
|
|a (OCoLC)932318239
|
| 040 |
|
|
|a MiAaPQ
|c MiAaPQ
|d MiAaPQ
|
| 050 |
|
4 |
|a HF1359
|b .H47 2006
|
| 245 |
0 |
0 |
|a Heterodox views on economics and the economy of the global society
|h [electronic resource] /
|c edited by G. Meijer ... [et al.].
|
| 260 |
|
|
|a Wageningen :
|b Wageningen Academic Publishers,
|c 2006.
|
| 300 |
|
|
|a 399 p. :
|b ill.
|
| 490 |
1 |
|
|a Mansholt publication series,
|x 1871-9309 ;
|v v. 1
|
| 533 |
|
|
|a Electronic reproduction. Ann Arbor, MI : ProQuest, 2015. Available via World Wide Web. Access may be limited to ProQuest affiliated libraries.
|
| 650 |
|
0 |
|a International economic relations.
|
| 650 |
|
0 |
|a Economic policy.
|
| 655 |
|
4 |
|a Electronic books.
|
| 700 |
1 |
|
|a Meijer, G.
|
| 710 |
2 |
|
|a ProQuest (Firm)
|
| 830 |
|
0 |
|a Mansholt publication series ;
|v v. 1.
|
| 856 |
4 |
0 |
|u https://ebookcentral.proquest.com/lib/matrademy/detail.action?docID=3445590
|z Click to View
|